<?xml version="1.0" encoding="UTF-8"?>
<marc:record xmlns:marc="http://www.loc.gov/MARC21/slim">
   <marc:leader>00000nam a2200000 a 4500</marc:leader>
   <marc:datafield ind1="1" ind2=" " tag="100">
      <marc:subfield code="a">Tonies</marc:subfield>
      <marc:subfield code="4">aut</marc:subfield>
      <marc:subfield code="e">Verfasser/-in</marc:subfield>
   </marc:datafield>
   <marc:datafield ind1="0" ind2="0" tag="245">
      <marc:subfield code="a">Griechische Sagen</marc:subfield>
   </marc:datafield>
   <marc:datafield ind1=" " ind2="1" tag="264">
      <marc:subfield code="b">Boxine GmbH</marc:subfield>
      <marc:subfield code="c">2021</marc:subfield>
   </marc:datafield>
   <marc:datafield ind1="1" ind2=" " tag="490">
      <marc:subfield code="a">Tonie</marc:subfield>
   </marc:datafield>
   <marc:datafield ind1="1" ind2=" " tag="520">
      <marc:subfield code="a">So macht Antike Spaß! Inkiows Nacherzählungen der griechischen Mythologie sind ein unerschöpflicher Fundus von Weisheiten, Geschichten und - trotz der göttlichen Hauptakteure - Allzumenschlichem. Inkiows humorvolle und lockere Art der Aufarbeitung der Griechischen Sagen bildet die Erfolgsbasis dieser Aufnahmen. Ein unbedingtes Muss für alle Klassikerfreunde und zugleich eine spannende Unterhaltung - nicht nur für Kinder!

01 - Prolog
02 - Die Bestrafung des Halbgottes Prometheus
03 - Die Büchse der Pandora oder wie das Unheil auf die Erde kam
04 - Zeus und die Bestrafung der Urmenschen
05 - Die Entführung Europas
06 - Prinzessin Io, die schöne Kuh
07 - Apollon und Daphne
08 - Die unendliche Arbeit des Sisyphos
09 - Orpheus in der Unterwelt
10 - Die Bestrafung des Tantalos
11 - Medusa, die Frau mit den Schlangen auf dem Kopf
12 - Mythen &amp; Sagen
13 - Prometheus
14 - Die Büchse der Pandora
15 - Europa</marc:subfield>
   </marc:datafield>
   <marc:datafield ind1="3" ind2=" " tag="024">
      <marc:subfield code="a">4251192120380</marc:subfield>
   </marc:datafield>
</marc:record>
